00347nam a22001217a 450000500170000000800410001704100080005808200080006610000610007424500520013526000300018730000080021720240812142446.0240812b |||||||| |||| 00| 0 eng d aeng bSAP aSapkal Vaishnavi- 2K221124 & Dr. Sneha Arekar– Guide  aStudy of Employee Motivation in Panomac Company a Pune bSPPU cMarch-2024 a48p